00775nam a22002297a 450000500170000001000130001702000210003003500130005103700160006404000120008008200110009210000280010324501190013126000450025027000320029530000210032765000220034865000180037094200200038899900190040895201180042720170124110211.0 aA-122849 c00.00a000243945 aA-122849 bCen Lib/Ret aDPLbEN aNbGRA aGraham, Winston 938276 aCollins collector's choice :cby Winston Graham bapoldark quartet ros poldark demelza jermany poldark warleggan / aLondon bWilliam Collins and Sons c1980 bLondon ast, jame 's place  a1226p.c19cm(Hb) aLiterature 96262 aNovel 922513 2ddccENhNmGRA c133558d133558 00104070aLbLd2015-07-27eCen Lib/Retg0.00l0oN GRApA-122849r2015-07-27 00:00:00t1v0.00w2015-07-27yEN